• 首页
  • 本馆介绍
  • 公告通知
  • 最新文献
  • 馆藏检索
  • 电子资源
  • 读者导购
  • 参考咨询
  • 我的图书馆
  • 登录
  • 详细信息显示
  • 放入我的书架
  • 预约/预借图书
  • 作者相关作品
  • 分类相关作品
  • 丛书相关作品
  • 出版社相关作品

书目信息

  • 表格格式
  • 工作单格式
  • 卡片格式
题名:
刚果(金)历史
    
 
作者: 罗贝尔·科纳万 著 ;史陵山 译
分册: 下册  
出版信息: 北京   商务印书馆  1974.8
页数: 323-714页
开本: 20cm
丛书名:
单 册:
中图分类: K463
科图分类:
主题词: 中非--历史
电子资源:
ISBN:
000 00693nam0 2200241 45
001 0212180801
005 20031219104102.4
010    @dCNY2.15
091    @a11017.322
100    @a20021218d1974 km y0chiy0120 ea
101 0  @achi
105    @aac z 000yy
200 1  @a刚果(金)历史@AGang Guo(Jin)Li Shi@h下册@f(法)罗贝尔·科纳万著@F(Fa)Luo Bei Er·Ke Na Wan Zhu@g史陵山译
210    @a北京@c商务印书馆@d1974.8
215    @a323-714页@c图表,照片@d20cm
300    @a内部参考读物
320    @a索引
606 0  @a中非@x历史
690    @aK463@v3
701  0 @a罗贝尔·科纳万@4著
702  0 @a史陵山@AShi Ling Shan@4译
801    @aCN@bTSTC@c20021218
905    @f1@b219154@dK463@e2:2
    
    刚果(金)历史.下册/(法)罗贝尔·科纳万著/史陵山译.-北京:商务印书馆,1974.8
    323-714页:图表,照片;20cm
    内部参考读物
    
    ISBN :CNY2.15
    
●
相关链接 在E读中查询图书 在五车中查询图书 在当当中查询图书 在豆瓣中查询图书


正题名:刚果(金)历史     索取号:K463/2:2         预约/预借

序号 登录号 条形码 馆藏地/架位号 状态 备注
1 0219154   001737142   第二样本阅览室/ [索取号:K463/2:2] 在馆    
唐山师范学院图书馆 欢迎您!
大连网信软件有限公司© 版权所有